| 000 | 00764nam a2200289Ia 4500 | ||
|---|---|---|---|
| 003 | OSt | ||
| 005 | 20221006153313.0 | ||
| 006 | a|||||r|||| 00| 0 | ||
| 007 | ta | ||
| 008 | 221006b |||||||| |||| 00| 0 kor d | ||
| 020 | _cW 7,500 (each) | ||
| 024 | _a31,940 | ||
| 037 |
_bGift, Korean Embassy _cTextual |
||
| 040 |
_aEASL _cEASL _bkor |
||
| 041 |
_2kor _akor |
||
| 082 | _aO495,3, P5 | ||
| 100 |
_aCHOE Soon-Gyeong Au. _9663374 |
||
| 245 | 0 | _aGaryeo pphobeun samguk yusa | |
| 260 |
_aSeoul _bHyeonamsa Korea _c2005 |
||
| 300 |
_a235p. _ccm. |
||
| 490 | _v KL | ||
| 650 | _a KL | ||
| 650 | _a Story | ||
| 650 | _aStory | ||
| 942 |
_hO495,3, P5 _cTEXL _2CC |
||
| 999 |
_c1100026 _d1100026 |
||